[Event "AUS-ch reserves"]
[Site "Melbourne"]
[Date "2002.01.05"]
[Round "8"]
[White "MacGregor, Angus"]
[Black "Machet, Richard"]
[Result "0-1"]
[WhiteElo "1658"]
[BlackElo "1526"]
[PlyCount "124"]
[EventDate "2001.12.28"]
[EventType "swiss"]
[EventRounds "11"]
[EventCountry "AUS"]
[SourceTitle "EXT 2003"]
[Source "ChessBase"]
[SourceDate "2002.11.25"]
[SourceVersion "1"]
[SourceVersionDate "2002.11.25"]
[SourceQuality "1"]

1. d4 d5 2. Nf3 c5 3. c3 Nc6 4. Bf4 e6 5. e3 Nf6 6. h3 Bd6 7. Bxd6 Qxd6 8. Na3 a6 9. Be2 0-0 10. 0-0 e5 11. Qc2 e4 12. Nd2 c4 13. f4 exf3 14. Rxf3 Re8 15. Raf1 b5 16. e4 Nxe4 17. Nxe4 dxe4 18. Rxf7 Bxh3 19. Bxc4 Be6 20. Bxe6 Qxe6 21. Qf2 e3 22. Qg3 Qh6 23. R7f3 e2 24. Re1 Qd2 25. c4 Nxd4 26. Rd3 Qxb2 27. Qf2 Rad8 28. c5 Qxa2 29. Rxd4 Qxa3 30. Rxd8 Rxd8 31. Rxe2 Qc1+ 32. Kh2 Qh6+ 33. Kg1 Qc6 34. Kh2 Rf8 35. Qd4 Qc7+ 36. Kg1 a5 37. Qd5+ Kh8 38. c6 h6 39. Qd7 Rf7 40. Re8+ Kh7 41. Qc8 Qxc8 42. Rxc8 Rf6 43. c7 Rc6 44. Ra8 Rxc7 45. Rxa5 Rb7 46. Ra3 b4 47. Rb3 Kg6 48. Kf2 Kf5 49. Ke3 Ke5 50. Kd3 Kd5 51. Kc2 Kc4 52. Kb2 Rf7 53. Rg3 g5 54. Rg4+ Rf4 55. Rg3 Rd4 56. Kc2 Rf4 57. Kb1 b3 58. Kb2 Rf2+ 59. Kb1 Rd2 60. Kc1 Rd3 61. Rg4+ Kc3 62. Ra4 b2+ 0-1

[Event "AUS-ch reserves"]
[Site "Melbourne"]
[Date "2002.01.04"]
[Round "7"]
[White "Babic, Michael"]
[Black "MacGregor, Angus"]
[Result "1-0"]
[WhiteElo "1767"]
[BlackElo "1658"]
[PlyCount "63"]
[EventDate "2001.12.28"]
[EventType "swiss"]
[EventRounds "11"]
[EventCountry "AUS"]
[SourceTitle "EXT 2003"]
[Source "ChessBase"]
[SourceDate "2002.11.25"]
[SourceVersion "1"]
[SourceVersionDate "2002.11.25"]
[SourceQuality "1"]

1. e4 c5 2. c3 d5 3. exd5 Qxd5 4. d4 e5 5. Nf3 Bg4 6. Qa4+ Nc6 7. Nxe5 Qe4+ 8. Be3 cxd4 9. Nxc6 bxc6 10. Nd2 Qg6 11. cxd4 Bd7 12. Nc4 Qe4 13. 0-0-0 Nf6 14. f3 Qe7 15. Re1 c5 16. Qa5 cxd4 17. Bf4 Be6 18. Nd6+ Qxd6 19. Bxd6 Rc8+ 20. Bc7 Bd6 21. Kb1 Rxc7 22. Qa4+ Nd7 23. Qxd4 0-0 24. Qxd6 Rfc8 25. Bb5 Nc5 26. b4 Nb7 27. Qe5 Rc2 28. Re2 Bxa2+ 29. Ka1 Rxe2 30. Qxe2 Be6 31. Ba6 Rb8 32. Qe5 1-0

[Event "AUS-ch reserves"]
[Site "Melbourne"]
[Date "2001.12.31"]
[Round "4"]
[White "MacGregor, Angus"]
[Black "Palit, Vikram"]
[Result "0-1"]
[WhiteElo "1658"]
[BlackElo "1489"]
[PlyCount "60"]
[EventDate "2001.12.28"]
[EventType "swiss"]
[EventRounds "11"]
[EventCountry "AUS"]
[SourceTitle "EXT 2003"]
[Source "ChessBase"]
[SourceDate "2002.11.25"]
[SourceVersion "1"]
[SourceVersionDate "2002.11.25"]
[SourceQuality "1"]

1. d4 d5 2. e4 dxe4 3. Nc3 Nf6 4. f3 exf3 5. Nxf3 Bg4 6. h3 Bh5 7. g4 Bg6 8. Ne5 e6 9. Be3 Bb4 10. Nxg6 hxg6 11. Qf3 Nc6 12. 0-0-0 Bxc3 13. bxc3 Qd5 14. Qxd5 Nxd5 15. Bd2 0-0-0 16. Bg2 Na5 17. Bf1 Nc6 18. Bg2 Rd7 19. Kb1 Rhd8 20. Ka1 e5 21. c4 Nb6 22. d5 Nxc4 23. dxc6 bxc6 24. Bxc6 Rxd2 25. Rb1 Rxc2 26. Bb7+ Kd7 27. Rhd1+ Ke7 28. Rxd8 Kxd8 29. Rd1+ Ke7 30. Kb1 Rb2+ 0-1